Imports Under a Foreign Exchange Constraint <The> Case of the Islamic Republic of Iran

Saved in:
Bibliographic Details
Main Author: Mazarei, Adnan
Format: Book
Language:English
Published: Washington International Monetary Fund 1995
Edition:1. ed.
Series:IMF Working Paper 97
Subjects:
Tags: Add Tag
No Tags, Be the first to tag this record!

MARC

LEADER 00000nam a2200000 4500
001 c016110
005 20221205133111.2
041 0 |a eng 
044 |a US 
245 1 0 |a Imports Under a Foreign Exchange Constraint  |b <The> Case of the Islamic Republic of Iran  |c Adnan Mazarei 
250 |a 1. ed. 
264 1 |a Washington  |b International Monetary Fund  |c 1995 
300 |a 20 s. 
490 1 |a IMF Working Paper  |v 97 
830 0 |a IMF Working Paper  |v 97 
610 2 0 |a dovoz 
610 2 0 |a devízy 
610 2 0 |a obmedzenie dovozu 
610 2 0 |a Irán 
610 2 0 |a obchod zahraničný 
610 2 0 |a politika devízová 
610 2 0 |a politika zahraničnoobchodná 
100 1 |a Mazarei, Adnan